El testamento político de Fernando el Católico
Saved in:
| Hovedforfatter: | |
|---|---|
| Format: | Bog |
| Sprog: | spansk |
| Udgivet: |
Madrid, España
Consejo Superior de Investigaciones Científicas
1900
|
| Serier: | Biblioteca Reyes Católicos
|
| Fag: | |
| Tags: |
Tilføj Tag
Ingen Tags, Vær først til at tagge denne postø!
|
MARC
| LEADER | 00000nam a2200000 a 4500 | ||
|---|---|---|---|
| 001 | UCO1227 | ||
| 003 | CL-VaPUC | ||
| 005 | 20201106001245.0 | ||
| 008 | 000512e19000000SP |||||||||||||||||spa|d | ||
| 999 | |c 287856 |d 287854 | ||
| 040 | |c Pontificia Universidad Católica de Valparaíso | ||
| 082 | 0 | 4 | |a 327.46 DOU 1900 |2 21 |
| 100 | 0 | |a Doussinague, José Miguel |e author |9 443143 | |
| 245 | 1 | 3 | |a El testamento político de Fernando el Católico |
| 260 | |a Madrid, España |b Consejo Superior de Investigaciones Científicas |c 1900 | ||
| 300 | |a 576 páginas | ||
| 490 | 0 | |a Biblioteca Reyes Católicos | |
| 583 | |a last modification |c 20160817 12:58:58 |k Rodrigo Vera | ||
| 600 | 0 | 7 | |a FERNANDO EL CATOLICO |2 CL-VaPUC |9 442584 |z ESPAÑA |
| 650 | 7 | |a DIPLOMACIA ESPAÑOLA |2 CL-VaPUC |9 443144 | |
| 650 | 0 | |a Relaciones Internacionales |z ESPAÑA |9 255740 | |
| 650 | 7 | |a HISTORIA DE ESPAÑA |2 CL-VaPUC |9 345321 |y SIGLO 15 | |
| 852 | |a BIBCUR | ||
| 942 | |c BK |2 ddc | ||
| 945 | |d 20000512 00:00:00 |a rherrera | ||
| 952 | |0 0 |1 0 |2 ddc |4 0 |6 327_460000000000000_DOU_1900 |7 0 |8 A |9 334921 |a BIBHIS |b BIBHIS |d 2019-11-20 |i 1269313 |o 327.46 DOU 1900 |p 1269313 |r 2025-01-20 |t 1 |w 2019-11-20 |y BK |k HIS | ||